000 02058cam a22004694i 4500
003 PE-LiUPU
005 20250731173132.0
008 150623s1984 miu rb 000 0 eng d
035 _a(Sirsi) a26652
040 _aPE-LiUPU
_bspa
_cPE-LiUPU
_erda
082 0 4 _a248.4
_bL26P
_221
100 1 _aLa Rondelle, Hans K.,
_eautor.
245 1 0 _aPerfection and perfectionism :
_ba dogmatic-ethical study of biblical perfection and phenomenal perfectionism /
_cHans K. La Rondelle.
264 1 _aBerrien Springs, Michigan :
_bAndrews University Press,
_c1984.
300 _a364 páginas ;
_c23 cm.
336 _atext
_2rdacontent
337 _aunmediated
_2rdamedia
338 _avolume
_2rdacarrier
504 _aIncluye bibliografía.
505 0 _aOrientation -- The distinctive idea of divine prefection in the Old Testament -- The distinctive idea of human perfection in the Old Testament -- Christ and the apostolic ethos of perfection -- An analysis and an evaluation of phenomenal perfectionism.
526 _aSEG42
526 _aSEG41
526 _aSEG40
526 _aSEG39
526 _aP94
526 _aP87
526 _aP86
526 _aP85
526 _aP77
526 _aP76
526 _aP35
650 0 4 _aVida cristiana.
650 0 4 _aPerfección (cristianismo).
910 _ajck
_bjvq
_cjck
_d20170511.
942 _2ddc
_cBOOK
949 _a248.4 L26P
_wDEWEY
_c1
_i51959
_lCCODEBUL1
_mBUL
_p12.00
_r0
_sY
_tBOOK
_u2015-06-24
_xTEOLOGIA
_PP35
_0COMPRA
_o.STAFF. Colección Teología
596 _a1
999 _a248.4 L26P
_wDEWEY
_c33706
_i51959
_d33706
_e2016-6-3
_f2021-11-10
_g5
_lCCODEBUL1
_mBUL
_n1
_p12.00
_r0
_sY
_tBOOK
_u2015-6-24
_xTEOLOGIA
_PP35
_0COMPRA
_o.STAFF. Colección Teología
999 _a248.4 L26P
_wDEWEY
_c2
_i75863
_d2017-6-5
_e2017-6-2
_f2021-11-10
_g4
_lCCODEBUL1
_mBUL
_n2
_p12.00
_r0
_sY
_tBOOK
_u2017-5-11
_xTEOLOGIA
_PP85
_0DONACION
_o.STAFF. Colección Teología
980 _81
_gALBERTO SANCHEZ Responsable de Automatización